Catalog

Record Details

Catalog Search



Creepy pair of underwear!  Cover Image Book Book

Creepy pair of underwear! / words, Aaron Reynolds ; pictures, Peter Brown.

Reynolds, Aaron, 1970- (author.). Brown, Peter, 1979- (illustrator.).

Summary:

"Jasper Rabbit is NOT a little bunny anymore. He’s not afraid of the dark, and he’s definitely not afraid of something as silly as underwear. But when the lights go out, suddenly his new big rabbit underwear glows in the dark. A ghoulish, greenish glow. If Jasper didn’t know any better he’d say his undies were a little, well, creepy. Jasper’s not scared obviously, he’s just done with creepy underwear. But after trying everything to get rid of them, they keep coming back!

Record details

  • ISBN: 9781442402980
  • ISBN: 1442402989
  • ISBN: 9781549023316
  • ISBN: 1549023314
  • Physical Description: 1 volume (unpaged) : illustrations (chiefly color) ; 31 cm
  • Edition: First edition.
  • Publisher: New York : Simon & Schuster Books for Young Readers, ©2017.
Subject: Rabbits > Juvenile fiction.
Underwear > Juvenile fiction.
Fear > Juvenile fiction.
Genre: Juvenile works.
Picture books.

Available copies

  • 1 of 2 copies available at scottsboropl.

Holds

  • 0 current holds with 2 total copies.
Show Only Available Copies
Location Call Number / Copy Notes Barcode Shelving Location Status Due Date
scottsboropl E Rey 32269001025272 Storage - Juvenile Available -
scottsboropl E Rey 32269001219362 Juvenile - Easy Checked out 04/27/2026

LDR 01345cam a22003738i 4500
001144433
003SBPL
00520220914142811.0
008160307t20172017nyua b 000 1 eng
010 . ‡a 2015044737
020 . ‡a9781442402980 ‡q(hardcover)
020 . ‡a1442402989 ‡q(hardcover)
020 . ‡a9781549023316 ‡q(FollettBound)
020 . ‡a1549023314 ‡q(FollettBound)
035 . ‡a(CONS)144433
035 . ‡a(CPomAG)LMN601770
05000. ‡aPZ7.R33213 ‡bCs 2017
08200. ‡a[E] ‡223
1001 . ‡aReynolds, Aaron, ‡d1970- ‡eauthor.
24510. ‡aCreepy pair of underwear! / ‡cwords, Aaron Reynolds ; pictures, Peter Brown.
250 . ‡aFirst edition.
264 1. ‡aNew York : ‡bSimon & Schuster Books for Young Readers, ‡c©2017.
300 . ‡a1 volume (unpaged) : ‡billustrations (chiefly color) ; ‡c31 cm
336 . ‡atext ‡btxt ‡2rdacontent
336 . ‡astill image ‡bsti ‡2rdacontent
337 . ‡aunmediated ‡bn ‡2rdamedia
338 . ‡avolume ‡bnc ‡2rdacarrier
4900 . ‡a Creepy Carrots ; ‡vBk 2
520 . ‡a"Jasper Rabbit is NOT a little bunny anymore. He’s not afraid of the dark, and he’s definitely not afraid of something as silly as underwear. But when the lights go out, suddenly his new big rabbit underwear glows in the dark. A ghoulish, greenish glow. If Jasper didn’t know any better he’d say his undies were a little, well, creepy. Jasper’s not scared obviously, he’s just done with creepy underwear. But after trying everything to get rid of them, they keep coming back!
650 0. ‡aRabbits ‡vJuvenile fiction.
650 0. ‡aUnderwear ‡vJuvenile fiction.
650 0. ‡aFear ‡vJuvenile fiction.
655 7. ‡aJuvenile works.
655 7. ‡aPicture books. ‡2lcgft
7001 . ‡aBrown, Peter, ‡d1979- ‡eillustrator.
8001 . ‡aReynolds, Aaron. ‡t Creepy Carrots ; ‡vBk2
901 . ‡a144433 ‡bUnknown ‡c144433 ‡tbiblio

Additional Resources